Vista normal
Vista MARC
Entrada Topical Term
Número de registros utilizados en: 1
001 - CONTROL NUMBER
- control field: 41998
003 - CONTROL NUMBER IDENTIFIER
- control field: OSt
005 - DATE AND TIME OF LATEST TRANSACTION
- control field: 20240805104948.0
008 - FIXED-LENGTH DATA ELEMENTS
- fixed length control field: 240805|| aca||aabn | a|a d
040 ## - CATALOGING SOURCE
- Original cataloging agency: OSt
- Transcribing agency: OSt
150 ## - HEADING--TOPICAL TERM
- Topical term or geographic name entry element: Literatuta universal
670 ## - SOURCE DATA FOUND
- Source citation: Work cat.: (OSt)38280: Esopo 600 a. C. - 564 a. C autor 41997, Fábulas